Top Guessed Biggest World Cities within 250 Km by Continent - Statistics

General Stats
  • This quiz has been taken 75 times
  • The average score is 93 of 129
Answers on the Map
Answers color-coded by a green-red scale on the quiz's map according to % correct below.
 
Answer Stats
Lat Lon Pop D Country City % Correct
4.59642 -74.08334 9350k 1869 Colombia Bogotá
95%
-16.49797 -68.14999 1890k 1078 Bolivia La Paz
95%
51.49999 -0.11672 14400k 2508 United Kingdom London
95%
33.98998 -118.17998 17600k 2479 United States Los Angeles
95%
40.40003 -3.68335 6250k 1054 Spain Madrid
95%
19.44244 -99.13099 22100k 11319 Mexico Mexico City
95%
25.78761 -80.22411 6100k 1484 United States Miami
95%
55.75216 37.61552 16900k 4177 Russia Moscow
95%
40.74998 -73.98002 22000k 3360 United States New York
95%
59.91669 10.74998 1140k 419 Norway Oslo
95%
48.86669 2.33334 11200k 341 France Paris
95%
-22.92502 -43.22502 12700k 354 Brazil Rio de Janeiro
95%
37.74001 -122.45998 7600k 567 United States San Francisco
95%
41.38330 2.18337 4650k 506 Spain Barcelona
93%
-15.78334 -47.91605 3825k 623 Brazil Brasília
93%
28.66999 77.23000 26400k 3654 India Delhi
93%
41.10500 29.01000 14300k 1243 Turkey Istanbul
93%
-12.04801 -77.05006 9950k 3130 Peru Lima
93%
38.72272 -9.14487 2600k 504 Portugal Lisbon
93%
-37.82003 144.97502 4400k 708 Australia Melbourne
93%
29.99500 -90.03997 1010k 512 United States New Orleans
93%
-33.45001 -70.66704 7050k 1139 Chile Santiago
93%
59.35076 18.09733 2075k 691 Sweden Stockholm
93%
-33.92001 151.18518 105k 312 Canada Sydney
93%
46.1351 -60.1831 4900k 5380 Australia Sydney
93%
35.68502 139.75141 39500k 2903 Japan Tokyo
93%
39.92724 32.86439 4675k 351 Turkey Ankara
91%
39.92889 116.38829 21100k 958 China Beijing
91%
30.04996 31.24997 16800k 2899 Egypt Cairo
91%
-33.92001 18.43499 4125k 1261 South Africa Cape Town
91%
10.50100 -66.91704 3700k 1025 Venezuela Caracas
91%
23.13196 -82.36418 2225k 365 Cuba Havana
91%
60.17556 24.93413 1230k 300 Finland Helsinki
91%
-26.17004 28.03001 13400k 4483 South Africa Johannesburg
91%
14.60416 120.98222 23300k 1242 Philippines Manila
91%
19.01699 72.85699 23200k 887 India Mumbai
91%
47.57000 -122.33999 4075k 1092 United States Seattle
91%
52.52182 13.40155 4500k 450 Germany Berlin
90%
36.21000 -115.22001 2075k 365 United States Las Vegas
90%
-31.95501 115.84000 2075k 2729 Australia Perth
90%
41.15001 -8.62000 1190k 273 Portugal Porto
90%
-0.21499 -78.50005 2550k 272 Ecuador Quito
90%
64.13548 -21.89541 118k 1325 Iceland Reykjavik
90%
-41.28664 174.77557 381k 490 New Zealand Wellington
90%
9.03331 38.70000 3475k 987 Ethiopia Addis Ababa
88%
-36.85001 174.76498 1470k 2161 New Zealand Auckland
88%
-34.60250 -58.39753 15800k 1674 Argentina Buenos Aires
88%
21.03333 105.85001 2950k 322 Vietnam Hanoi
88%
21.30688 -157.85800 1000k 3852 United States Honolulu
88%
56.94600 24.10589 742k 362 Latvia Riga
88%
35.67194 51.42434 13700k 1913 Iran Tehran
88%
32.89250 13.18001 1110k 513 Libya Tripoli
88%
36.76306 3.05055 3675k 518 Algeria Algiers
86%
61.21806 -149.90028 291k 2134 United States Anchorage
86%
-25.29640 -57.64151 2200k 825 Paraguay Asunción
86%
-33.96300 22.46173 174k 272 South Africa George
86%
24.64083 46.77274 6700k 991 Saudi Arabia Riyadh
86%
36.80278 10.17968 2500k 570 Tunisia Tunis
86%
47.91667 106.91662 1300k 839 Mongolia Ulaanbaatar
86%
39.48502 -0.40001 1930k 298 Venezuela Valencia
86%
17.99702 -76.79358 937k 475 Jamaica Kingston
84%
2.06668 45.36668 1720k 1021 Somalia Mogadishu
84%
23.61332 58.59331 1180k 380 Oman Muscat
84%
15.35473 44.20659 2475k 861 Yemen Sana'a
84%
-34.93499 138.60000 1300k 655 Australia Adelaide
83%
25.23000 55.27997 3925k 855 United Arab Emirates Dubai
83%
5.41361 100.32937 1550k 275 Malaysia George Town
83%
5.41361 100.32937 29k 313 Guyana George Town
83%
6.80448 -58.15527 235k 521 Guyana Georgetown
83%
25.05823 -77.34306 227k 297 Bahamas Nassau
83%
45.81313 15.97753 800k 266 Croatia Zagreb
83%
-18.91664 47.51662 2225k 1610 Madagascar Antananarivo
81%
33.33865 44.39387 6850k 695 Iraq Baghdad
81%
-22.55941 17.08323 268k 1141 Namibia Windhoek
81%
14.71583 -17.47313 3300k 1800 Senegal Dakar
79%
58.30194 -134.41972 31k 872 United States Juneau
79%
33.50003 36.30000 3475k 612 Syria Damascus
78%
-12.46113 130.84185 129k 720 Australia Darwin
78%
11.58901 43.14503 623k 432 Djibouti Djibouti
78%
4.17480 73.50888 103k 609 Maldives Male
78%
38.13205 13.33561 648k 310 Italy Palermo
78%
5.86638 -55.16682 223k 346 Suriname Paramaribo
78%
-9.44314 147.17972 283k 2086 Papua New Guinea Port Moresby
78%
40.39527 49.86222 2450k 541 Azerbaijan Baku
76%
-43.53333 172.63333 363k 305 New Zealand Christchurch
76%
-3.10003 -60.00002 2075k 1294 Brazil Manaus
76%
-23.69748 133.88362 25k 1284 Australia Alice Springs
74%
60.39299 5.32415 213k 305 Norway Bergen
72%
-42.87936 147.32941 216k 582 Australia Hobart
72%
14.93152 -23.51254 113k 650 Cape Verde Praia
72%
-8.55861 125.57361 150k 280 East Timor Dili
71%
-20.16194 57.49889 155k 880 Mauritius Port Louis
71%
0.33654 6.72732 53k 256 ST Sao Tome
69%
-4.61667 55.45000 22k 1085 Seychelles Victoria
69%
43.61350 -116.20345 145k 459 United States Boise
67%
-31.39996 -64.18229 1620k 646 Argentina Córdoba
66%
64.83778 -147.71639 31k 418 United States Fairbanks
66%
-18.14161 178.44149 77k 1332 Fiji Suva
66%
-13.83333 -171.76666 40k 1151 Samoa Apia
60%
47.56494 -52.70931 99k 591 Canada Saint John's
60%
63.43049 10.39506 147k 392 Norway Trondheim
60%
4.93333 -52.33333 61k 330 France Cayenne
55%
35.32787 25.14341 137k 320 Greece Heraklion
53%
29.65000 91.10000 118k 353 China Lhasa
50%
-17.73381 168.32188 35k 539 Vanuatu Port Vila
50%
-13.52264 -71.96734 312k 321 Peru Cusco
48%
16.77348 -3.00742 32k 282 Mali Timbuktu
48%
13.10000 -59.61667 98k 339 Barbados Bridgetown
47%
-21.13938 -175.20180 22k 744 Tonga Nuku'alofa
47%
60.71611 -135.05375 23k 271 Canada Whitehorse
47%
69.64890 18.95508 52k 561 Norway Tromso
43%
7.08971 171.38027 25k 661 Marshall Islands Majuro
41%
-54.80000 -68.30000 58k 250 Argentina Ushuaia
38%
-53.15483 -70.91129 117k 847 Chile Punta Arenas
36%
-23.65236 -70.39540 309k 521 Chile Antofagasta
26%
37.73333 -25.66667 20k 972 Portugal Ponta Delgada
21%
-45.86414 -67.49656 140k 656 Argentina Comodoro Rivadavia
17%
49.63417 100.16250 27k 292 Mongolia Mörön
17%
-10.16745 -48.32766 196k 521 Brazil Palmas
12%
12.58472 -81.70056 58k 321 Colombia San Andres
12%
-4.21528 -69.94056 29k 371 Colombia Leticia
10%
44.67024 102.17491 27k 506 Mongolia Hovd
9%
-36.61667 -64.28333 111k 293 Argentina Santa Rosa
9%
24.20487 23.28570 46k 746 Libya Al Jawf
7%
-14.83333 -64.90000 84k 313 Bolivia Trinidad
5%
-3.20333 -52.20639 70k 288 Brazil Altamira
3%
20.51686 -13.04986 24k 251 Mauritania Atar
3%
17.18320 21.58862 23k 379 Chad Fada
3%
20.46067 45.57792 24k 314 Saudi Arabia As Sulayyil
2%
No matching quizzes found
Score Distribution
Percent of People with Each Score
Percentile by Number Answered
Your Score History
You have not taken this quiz